000 00689nam a2200241 i 4500
001 C2-0319389
003 PPAK
005 20180728115115.0
008 121030s2010 enka|||| ||||| | eng d
020 _a9780500515273
040 _aPPAK
_beng
_cPPAK
_erda
082 0 4 _a746.091767
_223
090 0 0 _a746.091767
_bGIL
_dR
100 1 _aGillow, John,
_eauthor
245 1 0 _aTextiles of the Islamic world
264 1 _aLondon :
_bThames & Hudson ,
_c2010
300 _a319 pages :
_bcolour illustrations ;
_c32 cm
336 _2rdacontent
_atext
337 _2rdamedia
_aunmediated
338 _2rdacarrier
_avolume
650 1 0 _aTextile fabrics - Islamic countries
942 _ddc
_cB
999 _c120216
_d120216